|
|
|
|
| LEADER |
01543nam a2200313 a 4500 |
| 001 |
13969116 |
| 008 |
090528s2003 bg ab bs 100 0 eng d |
| 999 |
|
|
|c 1136
|d 1136
|
| 010 |
|
|
|a \\2004312727
|
| 040 |
|
|
|a DLC
|c DLC
|
| 082 |
0 |
0 |
|a 551.6954
|2 22
|
| 111 |
2 |
|
|a SAARC Seminar on Climate Variability in the South Asian Region and its Impacts
|d (2002 :
|c Dhaka, Bangladesh)
|9 28686
|
| 245 |
1 |
0 |
|a Proceedings of SAARC Seminar on Climate Variability in the South Asian Region and its Impacts, Dhaka, Bangladesh, 10-12 December 2002 /
|c edited by Dewan Abdul Quadir, Kanti Prasad & Md. Amirul Hussain.
|
| 260 |
|
|
|a Dhaka :
|b SAARC Meteorological Research Centre,
|c 2003
|
| 300 |
|
|
|a x, 195 pages :
|b illustrations, maps ;
|c 28 cm.
|
| 500 |
|
|
|a At head of title: South Asian Association for Regional Cooperation (SAARC).
|
| 500 |
|
|
|a Icludes statistical tables.
|
| 504 |
|
|
|a Includes bibliographical references.
|
| 520 |
|
|
|a Papers presented at the seminar.
|
| 541 |
1 |
|
|e 00014758
|
| 650 |
|
0 |
|a Climatic changes
|z South Asia
|v Congresses.
|9 28687
|
| 650 |
|
0 |
|a Climatic changes
|x Environmental aspects
|v Congresses.
|9 28688
|
| 700 |
1 |
|
|a Quadir, Dewan Abdul.
|9 28689
|
| 700 |
1 |
|
|a Prasad, Kanti.
|9 28690
|
| 700 |
1 |
|
|a Hussain, Md. Amirul.
|9 28691
|
| 710 |
2 |
|
|a SAARC Meteorological Research Centre.
|9 28692
|
| 852 |
4 |
|
|a Ayesha Abed Library
|j General shelf
|
| 942 |
|
|
|2 ddc
|c BK
|
| 952 |
|
|
|0 0
|1 0
|2 ddc
|4 0
|6 551_695400000000000_SAA
|7 0
|9 1026
|a BRACUL
|b BRACUL
|c GEN
|d 2009-06-24
|g 450.00
|l 2
|m 2
|o 551.6954 SAA
|p 3010014758
|r 2017-11-22
|s 2017-11-21
|t 1
|v 900.00
|w 2009-06-24
|y BK
|